000 01050nam a2200253Ia 4500
999 _c53008
_d53008
001 20039
003 GE_BSU
005 20250408110315.0
008 181216s2000||||ge |||||||||||||| ||geo||
040 _cGE_BSU
041 _ageo
080 _a574.24 + 502.55 გ-70
100 _aგორდეზიანი, მარლენ
_924745
245 _aეკოლოგიის ქიმიური საფუძვლები /
_cმარლენ გორდეზიანი ; [რედ. : დ. უგრეხელიძე].
264 _aთბილისი :
_c2000.
300 _a311 გვ. ;
_c20 სმ..
500 _aპარალ. სათ. ინგლ.ენ.
504 _aბიბლიოგრ. სტატიების ბოლოს
541 _h12 ლ.
653 _aეკოლოგია
653 _aეკოლოგიის ქიმიური საფუძვლები
700 _aუგრეხელიძე, დ.
_eრედაქტორი
_924746
942 _cBK
_2udc